[Event "EU-Cup 14th"]
[Site "Belgrade"]
[Date "1999.01.13"]
[Round "3"]
[White "Oll, Lembit"]
[Black "Timman, Jan H"]
[Result "1/2-1/2"]
[WhiteElo "2630"]
[BlackElo "2649"]
[PlyCount "134"]
[EventDate "1999.01.11"]
[EventType "team"]
[EventRounds "3"]
[EventCountry "YUG"]
[Source "ChessBase"]
[SourceDate "1999.04.01"]
[WhiteTeamCountry "EST"]
[BlackTeamCountry "CZE"]

1. d4 Nf6 2. c4 e6 3. Nc3 Bb4 4. e3 c5 5. Nge2 cxd4 6. exd4 O-O 7. a3 Be7 8.
Nf4 d5 9. cxd5 Nxd5 10. Nfxd5 exd5 11. Bd3 Nc6 12. O-O Be6 13. Be3 Bf6 14. Rc1
Na5 15. b4 Nc6 16. Na4 Qd6 17. Nc5 Bc8 18. Qd2 a5 19. b5 Nxd4 20. Bxd4 Bxd4 21.
Bxh7+ Kxh7 22. Qxd4 Rd8 23. Rfd1 Rb8 24. Rc3 Bf5 25. Rg3 Qf6 26. Qxf6 gxf6 27.
Rd4 Bg6 28. h3 b6 29. Na4 Rd6 30. Nc3 Rbd8 31. Re3 Kg7 32. Re2 Rc8 33. Rxd5 Re6
34. Rxe6 fxe6 35. Rd7+ Kf8 36. Na4 Be8 37. Ra7 Bxb5 38. Nxb6 Rb8 39. Na8 Bc4
40. h4 Rb5 41. a4 Rb1+ 42. Kh2 Rb4 43. h5 Bb3 44. Kg3 Rxa4 45. h6 Kg8 46. Nb6
Rb4 47. Nd7 Kh7 48. Nxf6+ Kxh6 49. Ng4+ Kg6 50. Rxa5 Bd5 51. f3 Bb7 52. Rc5 Rb2
53. Rc7 Bd5 54. Ne3 Ba2 55. Ra7 Re2 56. Ra3 e5 57. Ra6+ Kf7 58. Nf5 Be6 59.
Nd6+ Ke7 60. Ne4 Bf5 61. Nc3 Rd2 62. Ra5 Ke6 63. Ra6+ Ke7 64. Ra1 Rd3 65. Rc1
Kf6 66. Kh2 Kg5 67. Ne2 e4 1/2-1/2

[Event "Nova Gorica op 04th"]
[Site "Nova Gorica"]
[Date "1999.01.28"]
[Round "1"]
[White "Oll, Lembit"]
[Black "Djurkovic, Maks"]
[Result "1-0"]
[WhiteElo "2630"]
[BlackElo "2145"]
[PlyCount "116"]
[EventDate "1999.01.28"]
[EventType "swiss"]
[EventRounds "9"]
[EventCountry "SLO"]
[Source "ChessBase"]
[SourceDate "1999.03.01"]
[WhiteTeamCountry "EST"]
[BlackTeamCountry "CZE"]

1. e4 Nf6 2. e5 Ng8 3. d4 d6 4. Nf3 g6 5. Bc4 Bg7 6. O-O d5 7. Bb3 e6 8. c4 c6
9. Nc3 Ne7 10. Re1 O-O 11. Bf4 h6 12. h4 Nf5 13. g3 b6 14. Qd2 Na6 15. Rad1 Nc7
16. cxd5 exd5 17. Bc2 Kh7 18. Kg2 Be6 19. h5 Rh8 20. Rh1 Kg8 21. hxg6 fxg6 22.
Bxf5 Bxf5 23. Bxh6 Bxh6 24. Rxh6 Rxh6 25. Qxh6 Qf8 26. Qh4 Qg7 27. Ng5 Rc8 28.
Rh1 Ne6 29. f3 Nxg5 30. Qxg5 Qd7 31. Qd2 Rf8 32. Rh4 Rf7 33. Qh6 Rh7 34. Qxh7+
Qxh7 35. Rxh7 Kxh7 36. b4 g5 37. Kf2 Bd3 38. Ke3 Bf1 39. a3 Kg6 40. g4 Bc4 41.
f4 gxf4+ 42. Kxf4 Bd3 43. Nd1 Kf7 44. Ne3 Ke6 45. Nf5 Bc2 46. Nd6 Kd7 47. g5
Bh7 48. Nf5 Ke6 49. Nh4 Bc2 50. g6 Be4 51. g7 Bh7 52. Nf3 Bg8 53. Ng5+ Ke7 54.
Kf5 a6 55. e6 Kd6 56. Kf6 c5 57. bxc5+ bxc5 58. dxc5+ Kxc5 1-0

[Event "Nova Gorica op 04th"]
[Site "Nova Gorica"]
[Date "1999.01.30"]
[Round "3"]
[White "Oll, Lembit"]
[Black "Fercec, Nenad"]
[Result "1-0"]
[WhiteElo "2630"]
[BlackElo "2495"]
[PlyCount "59"]
[EventDate "1999.01.28"]
[EventType "swiss"]
[EventRounds "9"]
[EventCountry "SLO"]
[Source "ChessBase"]
[SourceDate "1999.03.01"]
[WhiteTeamCountry "EST"]
[BlackTeamCountry "CZE"]

1. d4 Nf6 2. c4 g6 3. Nc3 d5 4. cxd5 Nxd5 5. e4 Nxc3 6. bxc3 Bg7 7. Bc4 c5 8.
Ne2 O-O 9. O-O Nc6 10. Be3 Bg4 11. f3 Bd7 12. Rb1 Qc7 13. Qd2 Rfd8 14. Bf4 Qc8
15. d5 Ne5 16. Bb3 b5 17. Bg5 Re8 18. f4 Nc4 19. Bxc4 bxc4 20. Ng3 Rb8 21. Rbe1
Ba4 22. f5 Qc7 23. f6 Bxf6 24. Rxf6 exf6 25. Bxf6 Rb6 26. Nh5 Qd6 27. e5 Qf8
28. Ng7 Reb8 29. Nf5 h5 30. Ng7 1-0

[Event "Nova Gorica op 04th"]
[Site "Nova Gorica"]
[Date "1999.02.02"]
[Round "6"]
[White "Atalik, Suat"]
[Black "Oll, Lembit"]
[Result "1-0"]
[WhiteElo "2593"]
[BlackElo "2630"]
[Annotator "Atalik,S"]
[PlyCount "119"]
[EventDate "1999.01.28"]
[EventType "swiss"]
[EventRounds "9"]
[EventCountry "SLO"]
[Source "ChessBase"]
[SourceDate "2001.11.25"]
[WhiteTeamCountry "EST"]
[BlackTeamCountry "CZE"]

1. d4 Nf6 2. c4 e6 3. Nf3 {This was a small surprise for Lembit.} b6 4. g3 Ba6
5. b3 Bb4+ 6. Bd2 Bxd2+ 7. Qxd2 Bb7 {and this rare move was a surprise to me.}
8. Bg2 (8. Nc3 Bxf3 9. exf3 O-O $13 (9... d5 10. f4 $13)) 8... c5 9. dxc5 $1 {
wildest reaction.} bxc5 10. Nc3 O-O 11. O-O Qe7 12. Rfd1 Rd8 13. Qd6 Qxd6 $6 (
13... Kf8 $5 14. Na4 (14. Nb5 Ne8) (14. Ng5 Qxd6 15. Rxd6 Bxg2 16. Kxg2 Nc6 17.
Rad1 Ke7 18. Nce4 Ne8 19. R6d2 d6) 14... Rc8 15. Ne5 Qxd6 16. Rxd6 Bxg2 17.
Kxg2 Ke7 18. Rad1 Rc7 19. Nc3 a6 $14) 14. Rxd6 Ne8 15. Rd3 Kf8 16. Rad1 Ke7 17.
Na4 $1 Rc8 $8 (17... Na6 18. Ne5) 18. Ne5 Bxg2 19. Rxd7+ $1 Nxd7 20. Rxd7+ Kf6
(20... Kf8 $2 21. Rxf7+ Kg8 22. Kxg2 $18) 21. f4 Rc7 (21... Nd6 $6 22. Rxd6 $1)
22. Kxg2 Rxd7 23. Nxd7+ Ke7 24. Ndxc5 Rd8 25. Nd3 (25. Kf3 Rd1 $132) 25... Nd6
26. Kf3 $5 (26. Ne5 Rc8 27. Kf3 (27. Kf2 f6 28. Nf3 $6 Nxc4 29. bxc4 Rxc4 30.
Nb2 Rc2 $15) (27. Nb2 $6 f6 28. Nf3 Ne4) 27... f6 28. Nd3 Nf5 29. e4 (29. g4
Nd4+ 30. Ke3 Rd8 31. Nac5 h5 32. gxh5 Nc2+ 33. Kd2 Nb4 34. Nb7 $13) 29... Nd4+
30. Ke3 Rd8 $132) (26. Nac5 Nf5 27. e4 Nd4 28. Kf2 Nc2 $11) 26... Nf5 27. Nc3
h5 28. Ne5 Nd4+ 29. Ke3 f6 (29... Nc2+ 30. Kf3 Nd4+ 31. Ke4) 30. Nd3 Nc2+ 31.
Ke4 a5 (31... g5 32. fxg5 Rd4+ 33. Kf3 fxg5 34. Ne4 g4+ 35. Kf4) 32. Nb5 f5+ $6
{A very ambitious move.} 33. Kf3 (33. Ke5 $1 Ne3 34. h3 {
looks risky but is also possible.}) 33... Nb4 $2 (33... a4 34. bxa4) (33... Kf6
34. a3) 34. Nxb4 axb4 35. a3 bxa3 36. Nxa3 Kd6 $6 (36... Ra8 37. Nb5 Ra2 38.
Ke3 (38. b4 Rc2) 38... Kf6 39. Kd3 e5 40. fxe5+ Kxe5 41. Nd4 $14) 37. b4 Ra8
38. Nb5+ Kd7 39. Nd4 Ra4 40. Nc2 Ra2 41. Ne1 $1 {
The move which Lembit failed to see.} (41. Nd4 Rb2 42. b5 Kd6 43. Ke3 Rb1 44.
Nc6 Kc5 45. Ne5 Rb3+ 46. Kd2 h4 47. gxh4 Rh3 48. e3 Rxh2+ 49. Kc3 Rxh4 50. Nd3+
$40) 41... Ra3+ 42. Nd3 Rc3 43. b5 Kd6 44. c5+ Kd5 45. b6 Rb3 (45... Kc6 46.
Ke3 Kd5 47. Kd2 Rb3 48. Kc2 Rb5 49. Kc3 Rb1 50. Nb2 Kc6 51. Kc2 Rh1 52. Nc4
Rxh2 53. Na5+ Kd7 54. c6+ Kd6 55. c7 Kd7 56. Nc6 Rxe2+ 57. Kd3 $18) 46. Kg2 $6
{An attempt in vain.} (46. Ke3 $1 Rb5 47. Kd2 Kd4 48. Kc2 $18) 46... Rb1 (46...
Rb5 $3 47. Kf2 $1 {a forced decision.} (47. Kh3 Kd4 (47... Ke4 48. Ne5 $3 (48.
Kh4 Ke3 49. Kxh5 Kxe2 50. Ne5 (50. c6 Rxb6 51. Ne5 Rb3 52. Kg6 Kf2 53. Kxg7 Kg2
54. Kf6 Kxh2 55. Kxe6 Kxg3 56. Kxf5 Rb4 $11) 50... Rxc5 51. Nd7 Rb5 52. Kg6 Kf3
53. Kxg7 Kg2 54. h4 Rd5 55. Ne5 (55. Nf8 Kxg3 56. h5 Rb5 57. Kf6 Rxb6 58. h6
e5+ 59. Kxe5 Rxh6 $11) 55... Rb5 56. Nc4 (56. h5 Rxb6 57. h6 Kxg3 58. h7 Rb7+
59. Nf7 Rb8 $11) 56... Rb4 57. h5 Rxc4 58. h6 Rd4 59. h7 Rd7+ 60. Kg6 Rd8 $11)
48... Rxc5 49. Nd7 Rb5 50. b7 $18) 48. Kh4 Ke3 49. Kxh5 Kxe2 50. Ne5 Rxc5 51.
Nd7 Rb5 52. Kg6 Kf3 53. Kxg7 Kg2 54. h4 $11) 47... Kd4 48. Ke1 Ke3 49. Kd1 {
still wins}) 47. Kh3 Kc6 (47... Rb5 48. Kh4 Ke4 49. Kxh5 Ke3 50. Kg6 Kxe2 51.
c6 Rxb6 52. Ne5 Rb1 53. Kxg7 $18) (47... Kd4 48. Kh4 Ke3 49. Kxh5 Rb5 50. Kg6
Kxe2 51. c6 Rxb6 52. Ne5 Rb1 53. Kxg7 Kf2 54. Kf6 Kg2 55. Ke7 Kxh2 (55... Rc1
56. Kd6 Rd1+ (56... Kxh2 57. c7 Rxc7 58. Kxc7 Kxg3 59. Ng6 $18) 57. Kc5 Rd8 58.
c7 Rc8 (58... Rf8 59. Nc6 Rc8 60. Kd6 Kxh2 61. Nd4 Kxg3 62. Nxe6 Rh8 63. Nd8
$18) 59. Kd6 Kxh2 60. Kd7) 56. c7 Rc1 57. Kd6 Rxc7 (57... Rd1+ 58. Kc5 Rd5+ 59.
Kb4 $1 $18) 58. Kxc7 Kxg3 59. Nd3 $5 Kf3 60. Kd6 Ke4 61. Kxe6 $18) 48. Kh4 Rg1
(48... Rh1 49. Ne5+ Kb7 50. Nf3 Rc1 51. Kxh5 $18) 49. Ne5+ Kb7 (49... Kxc5 $2
50. b7 Rb1 51. Nd7+ $18) 50. Kxh5 Rg2 51. Kg6 Rxh2 (51... Rxe2 52. h4 Rg2 53.
Kxg7 Rxg3+ 54. Kf6 Rc3 55. h5 Rxc5 56. h6 Rc8 57. Nf7 Kxb6 58. h7 $18) 52. Kxg7
(52. e3 $6 Rc2 $1 (52... Rg2 $2 53. Kxg7 Rxg3+ 54. Kf6 Rxe3 55. c6+) 53. Kxg7
Rxc5 54. Kf6 Rc3 55. Kxe6 Rxe3 56. Kxf5 Rxg3 $11) 52... Rxe2 53. Kf6 Rg2 (53...
Rc2 54. Nd7 (54. Kxe6 Rxc5 55. Kxf5 Kxb6 56. Ke6 Rc8 57. g4 Kc5 58. g5 Kd4)
54... Rc3 55. Kxe6 Kc6 56. Ne5+ $18) 54. Nf7 $1 {
reaching the critical d8 square.} (54. Kxe6 Rxg3 55. Kxf5 Rc3 56. Nd7 Kc6 57.
Ke6 $18) 54... Rxg3 (54... Rc2 55. Nd8+ Kc8 56. Nxe6 Kd7 57. Kxf5 $18) 55. Nd8+
Kc8 56. Nxe6 Kb7 57. Kxf5 Kc6 58. Kf6 Rg1 59. f5 Rf1 (59... Kd5 60. Ke7 Re1 61.
Kd7 $18) 60. Ke7 (60. Ke7 Rxf5 61. Nd8+ $1 (61. Nd4+ Kxc5 62. b7 Kxd4 63. b8=Q
$18) 61... Kxc5 62. b7 $18) 1-0

[Event "Nova Gorica op 04th"]
[Site "Nova Gorica"]
[Date "1999.02.04"]
[Round "8"]
[White "Mikhalchishin, Adrian"]
[Black "Oll, Lembit"]
[Result "1/2-1/2"]
[WhiteElo "2542"]
[BlackElo "2630"]
[PlyCount "20"]
[EventDate "1999.01.28"]
[EventType "swiss"]
[EventRounds "9"]
[EventCountry "SLO"]
[Source "ChessBase"]
[SourceDate "1999.03.01"]
[WhiteTeamCountry "EST"]
[BlackTeamCountry "CZE"]

1. Nf3 g6 2. d4 Bg7 3. c4 Nf6 4. g3 O-O 5. Bg2 c6 6. Nc3 d5 7. cxd5 cxd5 8. Ne5
e6 9. O-O Nbd7 10. f4 Qc7 1/2-1/2